LEADER 01198nam a2200277 i 4500 001 000000131551 003 CaOOAMICUS 005 20250603100014.0 008 041119s1965 it u000 u ita u 040 $aSeMil$bita 100 1 $aSpitteler, Carl,$d<1845-1924>.$0(OLS)http://semarc/name/8766 245 00$aCarl Spitteler :$bpremio Nobel per la letteratura 1919. 246 08$aPrometeo ed Epimeteo 264 1$aMilano :$bFratelli Fabbri Editori,$c1965. 300 $a379 p. ;$c23 cm. 490 1 $aI premi Nobel per la letteratura ;$v20. 500 $aContiene Prometeo ed Epimeteo 600 14$aSpitteler, Carl <1845-1924>.$0(OLS)http://semarc/subject/57711 830 2$aI premi Nobel per la letteratura ;$v20.$0(OLS)http://semarc/title/407024 850 $aSeMil 852 $aSeMil$W1$xVenegono$y1$m1W V 314$j257686$B85528$CSeMilBibl$Z2$F89329 $81 961 $aRecupero: Seminario di Seveso 996 $6245$aCarl Spitteler :$bpremio Nobel per la letteratura 1919$9(OLS)http://semarc/title/454074 996 $6246$aPrometeo ed Epimeteo$9(OLS)http://semarc/title/193438 996 $6264$aMilano :$bFratelli Fabbri Editori$9(OLS)http://semarc/publisher/29845 LEADER 01072nam a2200241 i 4500 001 000000030096 003 CaOOAMICUS 005 20180830125448.0 008 180830s1831 it u000 u ita u 040 $aSeMil$bita 100 1 $aIosephus, Flavius,$d.$0(OLS)http://semarc/name/371 245 10$aStorie degl'Ebrei, ovvero Antichità giudaiche /$cdi Giuseppe Flavio ; tradotte dall'abate Francesco Angiolini piacentino con la vita dell'autore scritta da lui medesimo. 260 $aFirenze :$bV. Batelli e figli,$c1831-1832. 300 $a5 v. ;$c16 cm. 650 4$aEbrei - Storia - Antichità.$0(OLS)http://semarc/subject/4808 700 1 $aAngiolini, Francesco,$d<1750-1788>.$0(OLS)http://semarc/name/13787 774 0 $tTomo 1.$g1$w()230926 774 0 $tTomo 3.$g3$w()230927 774 0 $tTomo 2.$g2$w()230928 774 0 $tTomo 4.$g4$w()230929 774 0 $tTomo 5.$g5$w()230930 996 $6245$aStorie degl'Ebrei, ovvero Antichità giudaiche$9(OLS)http://semarc/title/40955 996 $6260$aFirenze :$bV. Batelli e figli$9(OLS)http://semarc/publisher/38374